| 000 | 00424nam a2200157Ia 4500 | ||
|---|---|---|---|
| 005 | 20250417100313.0 | ||
| 008 | 231217s9999 xx 000 0 und d | ||
| 020 | _a9788131407011 | ||
| 082 | _a650 SRI;1 R | ||
| 100 | _aSridhar Krishna ed. | ||
| 245 | 0 | _aEco friendly business : approaches and experiences | |
| 260 |
_c2007 _bIcfai _aHyderabad |
||
| 300 | _ax, 232 | ||
| 650 | _aEco,business,experiences | ||
| 942 | _cAA | ||
| 999 |
_c187762 _d187762 |
||